Qui chante ? - 2 - Statistiques

Statistiques générales
  • Ce quiz a été pris 111 fois
  • Le résultat moyen est 12 sur 20
Statistiques - réponses
Hint Réponse % Correct
Poker face Lady Gaga
95%
Je danse le Mia IAM
91%
Un homme debout Claudio Capéo
89%
Aïcha Khaled
88%
Dieu m'a donné la Foi Ophélie Winter
80%
Se bastasse una canzone Eros Ramazzotti
77%
T'en va pas Elsa
75%
99 Luftballons Nena
72%
Halo Beyoncé
69%
Le France Michel Sardou
65%
Smoke on the water Deep Purple
57%
Le Bal des Laze Michel Polnareff
51%
Im Nin'alu Ofra Haza
48%
Hong Kong Star France Gall
47%
Matador Mickey 3d
43%
Stewball Hugues Aufray
38%
La Grange ZZ Top
38%
Together again Janet Jackson
32%
Der Kommissar Falco
28%
Hold me, thrill me, kiss me, kill me U2
27%
Aucun quiz correspondant
Distribution des résultats
% des personnes avec chaque résultat
Percentile par nombre de réponses
Votre historique - résultats
Vous n’avez pas pris ce quiz